| 000 | 00930cam a2200277 4500 | ||
|---|---|---|---|
| 001 | ##L129842 | ||
| 002 | ##8251 | ||
| 008 | 050527n2005 000 0 eng u | ||
| 020 | _a1405125632 | ||
| 035 | _a(Sirsi) u129842 | ||
| 041 | 0 | _aeng | |
| 050 | 0 | 4 | _a692.5 $2 18 |
| 100 | 1 | _aLee, Sandra | |
| 245 | 0 | 0 | _aWillis's elements of quantity surveying |
| 250 | _a10th ed. | ||
| 260 |
_aOxford _bBlackwell _c2005 |
||
| 300 |
_ax, 346p. _bill. _c25cm. |
||
| 350 | _a22.50 | ||
| 520 | _aThe latest edition of this standard work provides guidance on the measurement process and covers all the main building elements. This tenth edition has greater explanation added to the measured examples and a new chapter on steel framing. | ||
| 520 | _aSupersedes ninth edition (ISBN 0632042079). | ||
| 590 | _aIKA040705 | ||
| 690 |
_aQuantity surveying _96263 |
||
| 700 | 1 | _aTrench, William | |
| 700 | 1 | _aWillis, Andrew | |
| 942 | _n0 | ||
| 999 |
_c104297 _d104297 |
||